00451 a2200133 4500001000900000005001700009008004100026245010000067100001900167700002000186700002300206773007100229999001700300ART_589720260410161828.0260409a 10aSeguro obligatorio de responsabilidad civil. Ensayo sobre instituciones en mercados imperfectos1 aAcciarri, Hugo1 aBarbero, Andrea1 aCastellano, Andrea0 tEstudios Económicosg- Vol. 26, Nº 52 (ene./jun. 2009)wREV5080 c22998d22998